| 000 | 00434nam a2200121Ia 4500 | ||
|---|---|---|---|
| 008 | 231221s9999 xx 000 0 und d | ||
| 041 | _aEnglish | ||
| 082 | _aQPCSUG08-1421 | ||
| 245 | 0 | _aJava and CGI Programming [e resource : question paper] : Seventh sem BE degree exam, Dec 07/Jan 08 (CS73] | |
| 260 |
_c2008/01 _bVTU _aBangalore |
||
| 650 | _aJava,CGI,Programming,[e,:,paper],:,Seventh,BE,exam,,Dec,07/Jan,08,(CS73] | ||
| 942 | _cDL | ||
| 999 |
_c205294 _d205294 |
||